1752 1997 1239 1726 1035 1621 1820 1470 1171 1316 1510 1271 1112 1287 1548 1570 1281 1321 1871 1821 1169 1834 1256 1507 1720 1682 1296 1842 1326 1773 1823 1174 1910 1625 1542 1687 1888 1701 1825 1573 1031 1773 1207 1738 1745 1408 1854 1671 1077 1544 1742 1332 1751 1774 1240 1119 1601 1601 1508 1342 1849 1819 1333 1466 1785 1030 1240 1155 1395 1567 1274 1909 1579 1684 1847 1338 1777 1398 1646 1520 1873 1957 1913 1104 1040 1944 1357 1190 1361 1022 1901 1903 1518 1786 1164 1594 1857 1150 1663 BCNSPRNW ULIB Ver.6.0+V

เปลี่ยนเป็นภาษาไทย

Change to English
 แสดงรายละเอียดบรรณานุกรม
  กลับหน้าหลัก

Brief Record : Get Marc (ISO 2709) : E-mail record : QR code < ปิดหน้าต่าง
LEADER : 00000nam 2200000uu 4500
001    13399124764
003     ULIB
008    160315s2545||||th 000 0 tha d
020    9789747083910
090    นว.^bน26r
100 0  นายา[นามแฝง]
245 00 พลอยพันแสง^c นายา[นามแฝง]
260    กรุงเทพฯ:^bเพื่อนดี,^c2545
300    332 หน้า
945    ^p190^l0^i000324
999    ^aเกษร โพธิ์สุวรรณ
รายการนี้ยังไม่มีแท็ก
คุณยังไม่ได้ล็อกอิน คุณสามารถมีกิจกรรมร่วมกับเว็บไซต์ได้ แต่ต้องล็อกอินก่อน ::
  ล็อกอิน

รายการสื่อสารสนเทศ

ลำดับที่ ประเภท เลขเรียก/บาร์โค้ด สถานที่ สถานะ
1. วิทยาศาสตร์การแพทย์ และสุขภาพ
วิทยาศาสตร์การแพทย์ และสุขภาพ
นว. น26r ฉ.1 
  Barcode: 000324
ห้องสมุดวิทยาเขตสวรรค์ประชารักษ์
►หนังสือทั่วไป
บนชั้น

BibComment


ยังไม่เคยถูกคอมเมนท์

คอมเมนท์ทรัพยากรรายการนี้
  คอมเมนท์: พลอยพันแสง นายาน..


 Copyright 2026. Bcnsprnw @Library